Представление документа в формате MARC21

Поле Инд. ПП Название Значение
Тип записи a
Библиографический уровень m
001 Контрольный номер 27d9b6dd-d608-4efe-b44e-0986c2cf388f
005 Дата корректировки 20140703125556.4
008 Кодируемые данные 040520
020 a ISBN 5-88866-115-5
c Цена, тираж 35.00
040 a Служба первич. каталог. НБ ТвГУ
041 a Код языка текста rus
080 a Индекс УДК 343.534(470)
084 a Индекс другой классификации/Индекс ББК Х628.11
090 a Полочн. индекс Х628.1
x Авторский знак Р63
100 1_ a Автор Рожнов Артемий Анатольевич
q Полное имя Рожнов А. А.
245 00 a Заглавие Профессиональная тайна в уголовном праве России (история и современность)
b Продолж. заглавия [монография]
c Ответственность отв. ред. А. И. Чучаев
260 0_ a Место издания Ульяновск
b Издательство Ульяновский государственный университет
c Дата издания 2002
300 a Объем 165,[4] с.
504 a Библиография Библиогр. на с.145-165 и в подстроч. примеч.
583 a Действие Получение впервые 228 19.05.2004
k Исполнитель действия обмен
650 a Основная рубрика Тайна профессиональная
x Основная подрубрика Нарушение
650 a Основная рубрика Уголовное право
z Географическая подрубрика Российская Федерация
653 a Ключевые слова Информационные преступления
a Ключевые слова Нарушение профессиональной тайны
a Ключевые слова Неприкосновенность частной жизни
a Ключевые слова Нотариальная тайна
a Ключевые слова Профессиональная тайна
a Ключевые слова Разглашение профессиональной тайны
a Ключевые слова Тайна (юрид.)
a Ключевые слова Тайна телефонных переговоров
a Ключевые слова Тайна усыновления
a Ключевые слова Уголовное право России
700 1_ a Другие авторы Чучаев Александр Иванович
e Роль лиц отв. ред.
852 t Порядковый номер экземпляра 1
p Инвентарный номер 784969
863 t 00025184
888 a бесплатно
901 t Тип документа m
952 p 228.2004 35.00 1 784969
c Вид литературы К рн
954 a Дата поступления на обработку 20040622
999 a Подразделение 2 Фил1